The open economy and its financial constraints / (Record no. 6318)

MARC details
000 -LEADER
fixed length control field 01642cam a2200241 4500
001 - CONTROL NUMBER
control field 7398
005 - DATE AND TIME OF LATEST TRANSACTION
control field 20181127183546.0
008 - FIXED-LENGTH DATA ELEMENTS--GENERAL INFORMATION
fixed length control field 020801s2003 maua b 001 0 eng
010 ## - LIBRARY OF CONGRESS CONTROL NUMBER
LC control number 2002029829
020 ## - INTERNATIONAL STANDARD BOOK NUMBER
International Standard Book Number 1843760282
082 00 - DEWEY DECIMAL CLASSIFICATION NUMBER
Classification number 332
Edition number 21
100 1# - MAIN ENTRY--PERSONAL NAME
Personal name Hawkins, Penelope Anne,
Dates associated with a name 1965-
245 14 - TITLE STATEMENT
Title The open economy and its financial constraints /
Statement of responsibility, etc. Penelope Anne Hawkins.
260 ## - PUBLICATION, DISTRIBUTION, ETC.
Place of publication, distribution, etc. Northhampton, MA :
Name of publisher, distributor, etc. Edward Elgar Publishing,
Date of publication, distribution, etc. c2003.
300 ## - PHYSICAL DESCRIPTION
Extent xii, 273 p. :
Other physical details ill. ;
Dimensions 24 cm.
500 ## - GENERAL NOTE
General note Based on the author's Ph. D. thesis.
504 ## - BIBLIOGRAPHY, ETC. NOTE
Bibliography, etc. note Includes bibliographical references and index.
505 ## - FORMATTED CONTENTS NOTE
Formatted contents note Contents: Introduction 1. Constraints and Economic Theory 2. Money, Liquidity Preference and Banks 3. Banks' Liquidity Preference and Financial States of Constraint 4. Liquidity Preference and Capital Flows in an Open Economy 5. Financial Vulnerability and the Open Economy 6. Three Vulnerable Economies: Thailand, Brazil and South Africa 7. Financial Constraints on Economic Activity and Employment in South Africa 8. International Liquidity Preference and Vulnerable Economies 9. Conclusion Bibliography Index
Miscellaneous information
Statement of responsibility
Title
520 ## - SUMMARY, ETC.
Summary, etc. The Open Economy and its Financial Constraints explores the role of money and finance in an open economy. The existence of money and global financial flows compound the likelihood of financial constraints, in particular, financial vulnerability, financial exclusion and financial fragility, and create the possibility of unemployment.
650 #0 - SUBJECT ADDED ENTRY--TOPICAL TERM
Topical term or geographic name entry element Business cycles
Form subdivision Case studies.
Topical term or geographic name entry element Liquidity (Economics)
Form subdivision Case studies.
Holdings
Withdrawn status Lost status Source of classification or shelving scheme Damaged status Not for loan Collection code Home library Current library Shelving location Serial Enumeration / chronology Inventory number Total Checkouts Full call number Barcode Date last seen Price effective from Koha item type
    Dewey Decimal Classification     Main TEST RTC Library RTC Library Main opac 11355   332 HAW 30011084 27/11/2018 27/11/2018 Main
Royal Thimphu College || All Right Reserved